Economics of strategy / (Record no. 6330)

MARC details
000 -LEADER
fixed length control field 00955cam a2200265 4500
001 - CONTROL NUMBER
control field 7410
005 - DATE AND TIME OF LATEST TRANSACTION
control field 20181127183602.0
008 - FIXED-LENGTH DATA ELEMENTS--GENERAL INFORMATION
fixed length control field 030314s2004 njua b 001 0 eng
010 ## - LIBRARY OF CONGRESS CONTROL NUMBER
LC control number 2003045092
020 ## - INTERNATIONAL STANDARD BOOK NUMBER
International Standard Book Number 047121213X (cloth)
International Standard Book Number 0471448974 (WIE)
082 00 - DEWEY DECIMAL CLASSIFICATION NUMBER
Classification number 658.4/012
Edition number 21
100 1# - MAIN ENTRY--PERSONAL NAME
Personal name Besanko, David,
Dates associated with a name 1955-
245 10 - TITLE STATEMENT
Title Economics of strategy /
Statement of responsibility, etc. David Besanko ... [et al.].
250 ## - EDITION STATEMENT
Edition statement 3rd ed.
260 ## - PUBLICATION, DISTRIBUTION, ETC.
Place of publication, distribution, etc. Hoboken, NJ :
Name of publisher, distributor, etc. Wiley,
Date of publication, distribution, etc. c2004.
300 ## - PHYSICAL DESCRIPTION
Extent xxiv, 632 p. :
Other physical details ill. ;
Dimensions 27 cm.
504 ## - BIBLIOGRAPHY, ETC. NOTE
Bibliography, etc. note Includes bibliographical references and indexes.
505 ## - FORMATTED CONTENTS NOTE
Formatted contents note Part one: Firm boundaries -- Part Two: market and competitive analysis -- Part three: Strategic position and dynamics -- Part four: Internal organization.
Miscellaneous information
Statement of responsibility
Title
650 #0 - SUBJECT ADDED ENTRY--TOPICAL TERM
Topical term or geographic name entry element Managerial economics.
Topical term or geographic name entry element Strategic planning
General subdivision Economic aspects.
700 1# - ADDED ENTRY--PERSONAL NAME
Personal name Dranove, David.
Personal name Shanley, Mark
Fuller form of name (Mark T.)
Holdings
Withdrawn status Lost status Source of classification or shelving scheme Damaged status Not for loan Collection code Home library Current library Shelving location Serial Enumeration / chronology Inventory number Total Checkouts Full call number Barcode Date last seen Price effective from Koha item type
    Dewey Decimal Classification     Main TEST RTC Library RTC Library Main opac 11367   658.4 BES 30011101 27/11/2018 27/11/2018 Main
Royal Thimphu College || All Right Reserved